000 00524nam a22001817a 4500
001 TVUNI
005 20260126014700.0
008 221102s2021 vm vie d
020 _a9786047927890 :
_c120000
040 _aTVUNI
_eAACR2
041 0 _avie
110 2 _aKhoa tài chính- Trường ĐHKD-CNHN
245 1 0 _aGiáo trình đầu tư công /
_cKhoa tài chính- Trường ĐHKD-CNHN
260 _aHà Nội :
_bTài Chính,
_c2021
300 _a205 tr. ;
_c24 cm.
942 _2ddc
_cBK
999 _c2930
_d2930
912 _a1
_bHiển Phạm